000 00750nam a2200241Ia 4500
003 OSt
005 20221005133544.0
006 a|||||r|||| 00| 0
007 ta
008 221004b |||||||| |||| 00| 0 hin d
020 _a9788180901119 (hbk)
_c500
024 _a89932
037 _b1572, 24/12/2007, Vidyanidhi Prakashan
_cTextual
040 _aCRL
_cCRL
_bhin
041 _2hin
_ahin
082 _aQ125:4x3,2, 152P7
100 _aभारद्वाज
245 0 _aकर्ममीमांसा दर्शन
246 _aKarmamīmāansā darshana
260 _c2007
942 _hQ125:4x3,2, 152P7
_cTEXL
_2cc
999 _c1067200
_d1067200